|
|
|
|
| LEADER |
00000nam a22000007a 4500 |
| 005 |
20190708153412.0 |
| 007 |
cr|||| |||| |
| 008 |
190708s2019 es |||||s|||| 00||0 spa d |
| 020 |
|
|
|a 978-84-1324-071-8
|
| 035 |
|
|
|a 23794
|
| 040 |
|
|
|a vLex
|
| 090 |
|
|
|c 9002
|d 9002
|
| 100 |
1 |
|
|a Lp̤ez-Muǫz, Juliǹ
|
| 245 |
1 |
0 |
|a Criminalidad organizada y terrorismo
|h [Recurso electrn̤ico] /
|c Juliǹ Lp̤ez-Muǫz
|
| 256 |
|
|
|a Servicio en ln̕ea
|
| 260 |
|
|
|a Madrid:
|b Dykinson,
|c 2019
|
| 300 |
|
|
|a 1 recurso electrn̤ico
|
| 506 |
1 |
|
|a Disponible solo en los productos indicados
|d vLex Global
|d vLex Global (Academic Edition, excluding Law Schools)
|d vLex Global (U.S. Academic Edition, Law Schools)
|d vLex Global (U.S. Academic Edition, excluding Law Schools)
|d vLex Global (Academic Edition, Law Schools)
|
| 650 |
0 |
4 |
|a Derecho Constitucional
|z Espaą
|
| 740 |
0 |
|
|a vLex Libros (Servicio en ln̕ea)
|
| 856 |
4 |
0 |
|u http://vlex.com/source/criminalidad-organizada-terrorismo-23794
|z Acceso restringido
|
| 942 |
|
|
|c BOOK
|
| 999 |
0 |
|
|a Constitutional right
|